Głogówecki epizod markiza de Bombelles
| Titel: | Głogówecki epizod markiza de Bombelles |
|---|---|
| Verfasser: | |
| In: |
Ziemia Prudnicka, Band 3 (2003), Seite 138-143, il. 6 alle Artikel anzeigen |
| Veröffentlicht: | 2003 |
| Format: | Aufsatz |
| Sprache: | Polnisch |
X
alg: 39255313 001A $01999:11-11-16 001B $01999:17-05-21 $t20:34:14.000 001D $01999:11-11-16 001U $0utf8 001X $00 002@ $0Aox 003@ $0392553139 007A $0392553139 $aHEB 007T $0Herdc0063995m 010@ $apol 011@ $a2003 021A $aGłogówecki epizod markiza de Bombelles 027A $aOberglogauer Episode von Marquis de Bombelles 028A $aSzyndzielorz $dAlbert 031A $d3 $h138-143, il. 6 $j2003 039B $aIn $8--Abvc--. Ziemia Prudnicka. - Prudnik : Spółka Wydawn. "Aneks", 2002-. - ISSN 1642-977X $x200300000030000862 $9112106501 045F $a929.09438 $eDDC23BSB 045F/01 $a929 045F/03 $g438 045F/03 $g4385 045T $a7,41 046C $aOberglogauer Episode von Marquis de Bombelles $bÜbers. des Hauptsacht. lok: 39255313 78 exp: 39255313 78 1 #EPN 201B/01 $024-04-24 $t14:19:45.000 201U/01 $0utf8 203@/01 $0788651161 208@/01 $a11-11-16 $be 209A/01 $a/ $f000 $x00 220C/01 $aTitelaufnehmer: pg;KS 220C/01 $aHerkunft: HI Marburg;*s 244Z/01 $2Trx $#Poola $#Lenkija $#Polija $#Polen Land $#Poland $#Lengyelország $#Poľsko $#Polsko $8--Trx--Polska$gkraj $x01 $9391345966 244Z/01 $2Trx $#Silesia $#Śląsk $#Sliezsko $#Slezsko $8--Trx--Schlesien $x02 $9391173987 244Z/01 $2Trx $#Oppersdorf Neisse $8--Trx--Wierzbięcice$gNysa $x03 $9391261525 244Z/01 $#Oberglogau $75057306-8 $8--Tg1--Głogówek $x04 $9044719264 244Z/01 $aGeschichte 1744-1822 $x05 244Z/01 $2Trx $8--Trx--Bombelles, Marc Marie de$Z1744-1822 $x06 $9390822892 244Z/01 $2Trx $#vaimulikkond, rooma-katoliku $#Romos katalikų dvasininkai $#clergy, Roman-Catholic $#papság, római-katolikus $#duchowieństwo rzymskokatolickie $#duchovenstvo rímsko-katolícke $#duchovenstvo římsko-katolické $#Klerus $#Priester $#Pfarrer $#kler $#księża katoliccy $#klérus $#kňazi $#farári $#klérus $#kněží $#faráři $8--Trx--Geistliche, römisch-katholische $x07 $9391373757 244Z/01 $2Trx $8--Trx--Zeitschriftenaufsatz $x08 $9391384341 245Z/01 $a12.03 $x01 247C/01 $82080>Marburg/Lahn, Herder-Institut, Forschungsbibliothek, Bibliographieportal $9336309341
| LEADER | 00000caa a22000002c 4500 | ||
|---|---|---|---|
| 001 | 392553139 | ||
| 003 | DE-603 | ||
| 005 | 20210517203414.0 | ||
| 007 | tu | ||
| 008 | 161111s2003 xx |||| | u00||u|pol c | ||
| 035 | |a (DE-599)HEB392553139 | ||
| 040 | |a DE-603 |b ger |c DE-603 |d DE-603 | ||
| 041 | |a pol | ||
| 082 | 0 | 4 | |8 1\u |a 929.09438 |q DE-101 |2 23/BSB |
| 084 | |a 7,41 |2 ssgn | ||
| 085 | |8 1\u |b 929 | ||
| 085 | |8 1\u |z 2 |s 438 | ||
| 085 | |8 1\u |z 2 |s 4385 | ||
| 100 | 1 | |a Szyndzielorz, Albert | |
| 245 | 0 | 0 | |a Głogówecki epizod markiza de Bombelles |
| 246 | 1 | |i Übers. des Hauptsacht. |a Oberglogauer Episode von Marquis de Bombelles | |
| 246 | 1 | 3 | |a Oberglogauer Episode von Marquis de Bombelles |
| 264 | 0 | |c 2003 | |
| 773 | 0 | 8 | |i In |t Ziemia Prudnicka |d Prudnik : Spółka Wydawn. "Aneks", 2002- |x 1642-977X |g Band 3 (2003), Seite 138-143, il. 6 |w (DE-603)112106501 |w (DE-600)2111590-4 |
| 924 | 0 | |9 2080 |a (DE-603)788651161 |b DE-2080 |c HES |d d |g / | |


